Datum a čas kvízu
39.5
Celkem bodů
Celkový počet nahraných bodů na tomto kvízu bez doplňovacích otázek.
5.
Pořadí na kvízu
Konečné umístění týmu na tomto kvízu.
Zaznamenané odpovědi
| # | Otázka | Odpověď | Body | Výsledky |
|---|---|---|---|---|
| 1. | V sobotu proběhlo v katedrále... | Stanislav Přibyl | 1 | |
| 2. | Minulý týden jsme se dozvěděli... | penisy | 1 | |
| 3. | Studio Disney vydalo minulý tý... | A) budou ve znakové řeči | 0 | |
| 4. | Který unikátní předmět z Titan... | záchranná vesta | 0 | |
| 5. | V neděli 26. dubna 2026 byl vý... | v Londýně | 1 | |
| 6. | Vědci v minulosti několikrát t... | D) | 1 | |
| 7. | Světová zdravotnická organizac... | o Rumunsko | 1 | |
| 8. | V červenci 2025 Senát schválil... | 3 (2 a 4 za půl bodu) | 0 | |
| 9. | Na které z fotografií se nachá... | A) | 1 | |
| 10. | Tinktura z opia se v minulosti... | laudanum | 1 |